| 000 | 00509nam a2200169Ia 4500 | ||
|---|---|---|---|
| 999 |
_c22210 _d22210 |
||
| 003 | OSt | ||
| 005 | 20200323142224.0 | ||
| 008 | 190216s9999||||xx |||||||||||||| ||und|| | ||
| 040 | _coclc | ||
| 082 |
_a297 _bIQB/M |
||
| 100 |
_a Iqbal, Sheikh Mohammad _92185 |
||
| 245 | 4 |
_aThe Mission Of Islam / _cSheikh Mohammad Iqbal |
|
| 260 |
_bIslamic Research And Publications, _c1983. _aNew Delhi: |
||
| 300 | _a234p | ||
| 650 | _aIslamic History | ||
| 942 |
_cBK _2ddc _h297 _iIQB/M _k297 _mIQB/M |
||